000 00332nam a22001337a 4500
008 171130b xxu||||| |||| 00| 0 eng d
020 _a9780226010595
041 _aeng
080 _a101
100 _a24
101 _aFIL
245 _aDECLAMATION ON THE NOBILITY AND PREEMINENCE OF THE FEMALE SEX
_cAGRIPPA,H,C
942 _2udc
_cBK
999 _c38634
_d38634